| 000 | 00752nam a22002057a 4500 | ||
|---|---|---|---|
| 999 |
_c20713 _d20713 |
||
| 003 | AR-CdUCM | ||
| 008 | 190604b ||||| |||| 00| 0 spa d | ||
| 040 |
_aMUNICIPALIDAD PROVINCIAL DEL CUSCO _cBIBLIOTECA MUNICIPAL DEL CUSCO |
||
| 082 |
_a344 / _bD76 |
||
| 100 |
_aDorado Montero, Pedro _943264 |
||
| 245 | _aNuevos derroteros penales / | ||
| 260 |
_aBarcelona : _bImp. de Henrich y comp, _c1905. |
||
| 300 |
_a161 páginas ; _c16 cm. |
||
| 505 | _aContenido: Dos palabras de introducción -- El problema trascendental y nuestra posición frente al mismo -- Lo subjetivo e inseguro del orden moral... | ||
| 650 |
_aDerecho _9739 |
||
| 650 |
_aDelincuentes _932245 |
||
| 650 |
_ajuzgadores _943265 |
||
| 942 |
_2ddc _cLIBROS |
||
| 945 | _aJavier | ||